Precipitated silica natural rubber based tire tread (Record no. 65452)

MARC details
000 -LEADER
fixed length control field 00516nam a2200157Ia 4500
100 ## - MAIN ENTRY--AUTHOR NAME
Personal name Tultz J P
245 #0 - TITLE STATEMENT
Title Precipitated silica natural rubber based tire tread
260 ## - PUBLICATION, DISTRIBUTION, ETC. (IMPRINT)
Name of publisher International Rubber Conference 1997. Rubber Science and Technology: Improving Quality of Life, Kuala Lumpur, Malaysia 6-9 Oct 1997; p417-426
650 ## - SUBJECT ADDED ENTRY--TOPICAL TERM
Topical Term Natural rubber
650 ## - SUBJECT ADDED ENTRY--TOPICAL TERM
Topical Term Tire tread
700 ## - ADDED ENTRY--PERSONAL NAME
Personal name Bice J-A E
700 ## - ADDED ENTRY--PERSONAL NAME
Personal name Okel T A
700 ## - ADDED ENTRY--PERSONAL NAME
Personal name Patkar S D
942 ## - ADDED ENTRY ELEMENTS (KOHA)
Koha item type Journals
Holdings
Withdrawn status Lost status Damaged status Not for loan Home library Current library Shelving location Date acquired Koha item type
      Journals RRII Library RRII Library Rubber chemistry 17/12/2021 Journals